Score 0/28 Timer 03:00
1 Play Today
Slogan Missing word % Correct
I’m ______ it.lovin’
98.4%
Have it your ______.way
93.9%
Finger-______ good!lickin’
92.6%
Come hungry. Leave ______.happy
83.1%
Pizza! ______!Pizza
78.7%
Where's the ______?beef
77.7%
America Runs on ______.Dunkin’
77.5%
Eat ______.fresh
77.5%
That's what a hamburger's ALL ______!about
76.9%
Home of the ______Whopper
75.6%
Eat Mor ______!Chikin
72.8%
Eatin' Good in the ______Neighborhood
72.3%
Think outside the ______.bun
72.3%
When you're here, you're ______.Family
72.2%
Slogan Missing word % Correct
We love to see you ______.smile
67.2%
We treat you ______.right
66.3%
Better ______. Better Pizza.ingredients
57.2%
You deserve a break ______.today
54.3%
Yo ______ Taco Bell.quiero
51%
Gather 'round the good ______.stuff
50%
Jack’s ______!back
42.2%
Down on the ______Farm
39.4%
Head for the ______.border
36.4%
______ With IntegrityFood
35.4%
You know when it's ______.real
35.1%
Mm mm mm mm mm ... ______!toasty
34.7%
No ______. Just right.rules
16.5%
Delightfully tacky, yet ______unrefined
16.1%

Today's Daily Dose

Remove Ads.
Support Sporcle.
Get the best of Sporcle when you Go Orange. This ad-free experience offers more features, more stats, and more fun while also helping to support Sporcle. Thank you for becoming a member.

You're not logged in!

Compare scores with friends on all Sporcle quizzes.
OR
Log In

Show Comments

Extras

Top Quizzes Today


Score Distribution

Your Account Isn't Verified!

In order to create a playlist on Sporcle, you need to verify the email address you used during registration. Go to your Sporcle Settings to finish the process.

Report this User

Report this user for behavior that violates our Community Guidelines.

Details: